000 00591nam a22001457a 4500
003 OSt
005 20160310091028.0
008 160310b xxu||||| |||| 00| 0 eng d
040 _cRUA
082 _aLMA PY 2014 B467 Or.1
100 _97860
_aPY HOKLENG; ពី ហុកឡេង
245 _aStudy on policy framework of land consolidation in cambodia, សិក្សាពីក្របខណ្ឌគោលនយោបាយក្នុងការពង្រីបង្រួមក្បាលដីនៅកម្ពុជា
300 _aix,34p.
_bill.
_c29cm.
942 _2ddc
_cLMA
999 _c7456
_d7456